The explorer's gazette : (Record no. 339832)
[ view plain ]
| 000 -LEADER | |
|---|---|
| fixed length control field | 00760nam a2200277Ia 4500 |
| 008 - FIXED-LENGTH DATA ELEMENTS--GENERAL INFORMATION | |
| fixed length control field | 170711s9999 xx 000 0 und d |
| 020 ## - INTERNATIONAL STANDARD BOOK NUMBER | |
| International Standard Book Number | 439676533 |
| 050 ## - LIBRARY OF CONGRESS CALL NUMBER | |
| Classification number | 910.3 |
| 050 ## - LIBRARY OF CONGRESS CALL NUMBER | |
| Item number | H449 2004 |
| 100 ## - MAIN ENTRY--PERSONAL NAME | |
| Personal name | Heckscher, Melissa |
| 245 #4 - TITLE STATEMENT | |
| Title | The explorer's gazette : |
| 245 ## - TITLE STATEMENT | |
| Remainder of title | amazing stories of 30 real-life journeys / |
| 245 ## - TITLE STATEMENT | |
| Statement of responsibility, etc | by Melissa Heckscher and Mark Shulman. |
| 260 ## - PUBLICATION, DISTRIBUTION, ETC. (IMPRINT) | |
| Place of publication, distribution, etc | New York : |
| 260 ## - PUBLICATION, DISTRIBUTION, ETC. (IMPRINT) | |
| Name of publisher, distributor, etc | Scholastic, |
| 260 ## - PUBLICATION, DISTRIBUTION, ETC. (IMPRINT) | |
| Date of publication, distribution, etc | 2004 |
| 300 ## - PHYSICAL DESCRIPTION | |
| Other physical details | some colored illustrations ; |
| 300 ## - PHYSICAL DESCRIPTION | |
| Dimensions | 26cm. |
| 650 ## - SUBJECT ADDED ENTRY--TOPICAL TERM | |
| Topical term or geographic name as entry element | Discoveries in geography -- |
| 650 ## - SUBJECT ADDED ENTRY--TOPICAL TERM | |
| Topical term or geographic name as entry element | Discoveries in geography. |
| 650 ## - SUBJECT ADDED ENTRY--TOPICAL TERM | |
| Topical term or geographic name as entry element | Explorers -- |
| 650 ## - SUBJECT ADDED ENTRY--TOPICAL TERM | |
| General subdivision | Juvenile literature. |
| 650 ## - SUBJECT ADDED ENTRY--TOPICAL TERM | |
| General subdivision | Juvenile literature. |
| 700 ## - ADDED ENTRY--PERSONAL NAME | |
| Personal name | Shulman, Mark. |
| 700 ## - ADDED ENTRY--PERSONAL NAME | |
| Personal name | Title. |
No items available.